[Event "Bad Woerishofen Seniors op 32nd"]
[Site "Bad Woerishofen"]
[Date "2016.03.05"]
[Round "9"]
[White "Dietl, Robert"]
[Black "Harsch, Martin"]
[Result "1/2-1/2"]
[WhiteElo "1855"]
[BlackElo "2029"]
[PlyCount "43"]
[EventDate "2016.02.26"]
[EventType "swiss"]
[EventRounds "9"]
[EventCountry "GER"]
[SourceTitle "EXT 2019"]
[Source "ChessBase"]
[SourceDate "2018.10.10"]
[SourceVersion "1"]
[SourceVersionDate "2018.10.10"]
[SourceQuality "1"]

1. e4 c6 2. d4 d5 3. e5 Bf5 4. Nf3 e6 5. Be2 c5 6. 0-0 Nc6 7. c3 Qb6 8. dxc5 Bxc5 9. b4 Be7 10. Be3 Qc7 11. Na3 Nxe5 12. Nxe5 Qxe5 13. Bd4 Qb8 14. Bxg7 Bf6 15. Bxh8 Bxh8 16. Rc1 a6 17. Bd3 Ne7 18. Bxf5 Nxf5 19. Qh5 Qc7 20. Qxh7 0-0-0 21. Qh3 Be5 22. g3 1/2-1/2

[Event "Bad Woerishofen Seniors op 32nd"]
[Site "Bad Woerishofen"]
[Date "2016.03.03"]
[Round "7"]
[White "Dietl, Robert"]
[Black "Reimann, Guenther"]
[Result "1/2-1/2"]
[WhiteElo "1855"]
[BlackElo "1941"]
[PlyCount "39"]
[EventDate "2016.02.26"]
[EventType "swiss"]
[EventRounds "9"]
[EventCountry "GER"]
[SourceTitle "EXT 2019"]
[Source "ChessBase"]
[SourceDate "2018.10.10"]
[SourceVersion "1"]
[SourceVersionDate "2018.10.10"]
[SourceQuality "1"]

1. e4 e6 2. d3 d5 3. Qe2 Be7 4. Nf3 Nf6 5. g3 c6 6. Bg2 dxe4 7. dxe4 e5 8. 0-0 Bg4 9. Nbd2 Qc7 10. b3 Nbd7 11. Bb2 0-0 12. Nc4 b5 13. Ne3 Bxf3 14. Bxf3 Rfe8 15. Rfd1 Bf8 16. Rd2 Nc5 17. Ng4 Nxg4 18. Bxg4 Rad8 19. Rad1 Rxd2 20. Rxd2 1/2-1/2